[Event "FRA-ch U12"]
[Site "Calvi"]
[Date "2005.04.17"]
[Round "1"]
[White "Le Moizan, Thibault"]
[Black "Dionisi, Thomas"]
[Result "0-1"]
[WhiteElo "1680"]
[BlackElo "1990"]
[PlyCount "50"]
[EventDate "2005.04.??"]
[EventType "swiss"]
[EventRounds "9"]
[EventCountry "FRA"]
[SourceTitle "EXT 2006"]
[Source "ChessBase"]
[SourceDate "2005.11.24"]
[SourceVersion "1"]
[SourceVersionDate "2005.11.24"]
[SourceQuality "1"]

1. d4 Nf6 2. c4 e6 3. Nf3 Bb4+ 4. Nc3 0-0 5. a3 Bxc3+ 6. bxc3 c5 7. e3 Qc7 8. Bd3 b6 9. e4 d6 10. Bg5 Nfd7 11. Qc2 Nc6 12. d5 Na5 13. e5 exd5 14. cxd5 h6 15. Be7 Re8 16. Bh4 Nxe5 17. 0-0 Nxf3+ 18. gxf3 c4 19. Be4 Nb3 20. Rae1 Bh3 21. Bh7+ Kh8 22. Rxe8+ Rxe8 23. Rd1 Nc5 24. Kh1 Qb7 25. Qd2 Kxh7 0-1

[Event "FRA-chT U20 0405"]
[Site "Lyon"]
[Date "2004.12.19"]
[Round "6.5"]
[White "Saatdjian, Stephane"]
[Black "Le Moizan, Thibault"]
[Result "1/2-1/2"]
[WhiteElo "1932"]
[BlackElo "1570"]
[PlyCount "48"]
[EventDate "2004.11.??"]
[EventType "team"]
[EventRounds "7"]
[EventCountry "FRA"]
[SourceTitle "EXT 2006"]
[Source "ChessBase"]
[SourceDate "2005.11.24"]
[SourceVersion "1"]
[SourceVersionDate "2005.11.24"]
[SourceQuality "1"]
[WhiteTeam "Nancy"]
[BlackTeam "Lyon"]
[WhiteTeamCountry "FRA"]
[BlackTeamCountry "FRA"]

1. e4 e5 2. Nc3 Nf6 3. Bc4 Nc6 4. d3 Na5 5. Nge2 Nxc4 6. dxc4 Bb4 7. 0-0 0-0 8. Nd5 Nxd5 9. cxd5 d6 10. a4 Ba5 11. Bd2 Bxd2 12. Qxd2 f5 13. f3 f4 14. g4 h5 15. h3 h4 16. b4 g5 17. c4 Qe7 18. Rfc1 b6 19. a5 Bd7 20. a6 Rab8 21. Qa2 Rfc8 22. Rc2 Kg7 23. Rac1 c5 24. bxc5 Rxc5 1/2-1/2